Statistics for Taylor Swift - Lover Lyrics

Click here to take the quiz!

General Stats

  • This quiz has been taken 133 times
  • The average score is 235 of 261

Answer Stats

Answer% Correct
I
100%
the
99%
We
99%
we
99%
a
98%
lover
98%
Lover
98%
this
98%
you
98%
is
97%
My
97%
my
97%
be
96%
Christmas
96%
January
96%
lights
96%
up
96%
And
95%
and
95%
Can
95%
could
95%
make
95%
our
95%
rules
95%
'til
95%
your
95%
me
94%
place
94%
always
93%
ever
93%
for
93%
go
93%
go?
93%
where
93%
Forever
92%
forever
92%
leave
92%
all
91%
every
91%
you're
91%
You're
91%
close
90%
close?
90%
home
90%
on
90%
take
90%
I'll
89%
table
89%
Ladies
88%
of
88%
Oh
88%
save
88%
seat
88%
to
88%
with
88%
With
88%
gentlemen
86%
man
86%
out
86%
please
86%
stand?
86%
jokes
85%
you'll
85%
at
84%
been
84%
force
84%
hand
84%
that
84%
will
84%
yours
84%
heart's
83%
in
83%
want
83%
end
82%
magnetic
82%
guitar
81%
has
81%
summers
81%
blue
80%
call
80%
'em
80%
honey
80%
i'm
80%
now
80%
room
80%
three
80%
friends
79%
living
79%
scar
79%
true
79%
well
79%
who
79%
ends
78%
let
78%
seconds
78%
string
78%
there's
78%
dirtiest
77%
everyone
77%
I've
77%
loved
77%
or
77%
twenty
77%
years?
77%
but
76%
dear
76%
overdramatic
76%
about
75%
All's
75%
crash
75%
Have
75%
known
75%
way
75%
dazzling
74%
highly
74%
sees
74%
swear
74%
wants
73%
haze
72%
mysterious
71%
suspicious
71%
ah
70%
borrowed
67%
Darling
66%

Score Distribution

Percentile by Number Answered

Percent of People with Each Score

Your Score History

You have not taken this quiz